[Event "34th Leon Blitz Open 2021"]
[Site "chess.com INT"]
[Date "2021.07.07"]
[Round "2"]
[White "Drygalov, Sergey"]
[Black "Tejedor Fuente, Enrique"]
[Result "0-1"]
[WhiteTitle "IM"]
[BlackTitle "IM"]
[WhiteElo "2490"]
[BlackElo "2434"]
[WhiteFideId "24171743"]
[BlackFideId "2299100"]
[EventDate "2021.07.07"]

1. d4 Nf6 2. c4 e6 3. Nf3 d5 4. Nc3 dxc4 5. e4 Bb4 6. Bxc4 Nxe4 7. O-O Nxc3 8.
bxc3 Be7 9. Ne5 Nd7 10. Qg4 O-O 11. Bh6 Bf6 12. Rfe1 Kh8 13. Rad1 gxh6 14. Qh5
Bxe5 15. dxe5 Qg5 16. Qe2 Nb6 17. Bd3 Nd5 18. Qe4 Qg6 19. Qf3 Qg7 20. c4 Ne7 21.
Bb1 Ng6 22. Qe4 Rb8 23. g3 b6 24. Qe3 Bb7 25. Rd7 Nh4 26. Be4 Bxe4 27. Qxe4 Nf5
28. Red1 Rfc8 29. Kh1 a5 30. g4 Nh4 31. h3 a4 32. f4 h5 33. Rg1 hxg4 34. Rxg4
Ng6 35. f5 exf5 36. Qxf5 Rf8 37. e6 fxe6 38. Qxe6 Rf1+ 39. Kg2 Nf4+ 40. Kxf1
Nxe6 41. Rgxg7 Nxg7 42. Rxc7 h6 43. Ke2 Kh7 44. Kd3 Rf8 45. Rb7 Rf3+ 46. Kd4 Rf6
47. Ra7 Kg6 48. Rxa4 Kg5 49. Ra6 Ne6+ 50. Ke5 Nc5 51. Ra8 Rf3 52. a4 Rxh3 53. a5
bxa5 54. Rxa5 Nb3 55. Rb5 Kg4 56. c5 Rc3 57. Rb4+ Kg5 58. c6 Na5 59. Kd4 Nxc6+
60. Kxc3 Nxb4 0-1

[Event "34th Leon Blitz Open 2021"]
[Site "chess.com INT"]
[Date "2021.07.07"]
[Round "2"]
[White "Krishnakumar, Sriram"]
[Black "Fernandez Hernandez, Arturo A."]
[Result "0-1"]
[WhiteTitle "CM"]
[BlackTitle "FM"]
[WhiteElo "2035"]
[BlackElo "2340"]
[WhiteFideId "30915856"]
[BlackFideId "3509230"]
[EventDate "2021.07.07"]

1. e4 c5 2. Nf3 e6 3. d4 cxd4 4. Nxd4 Nc6 5. Nc3 Qc7 6. Be3 a6 7. Qf3 Nf6 8.
O-O-O Ne5 9. Qg3 b5 10. f4 Neg4 11. Bg1 b4 12. Na4 h5 13. Bd3 d5 14. e5 Nd7 15.
h3 Nh6 16. b3 Nc5 17. Nxc5 h4 18. Qg5 Qxc5 19. Nxe6 Qe7 20. Nxg7+ Kd7 21. Bf5+
Kc6 22. Bxc8 Qxg5 23. fxg5 Bxg7 24. gxh6 Bxh6+ 25. Kb2 Raxc8 26. Bd4 Rhg8 27.
Rhf1 Rxg2 28. Rf6+ Kb5 29. Rxh6 Rcxc2+ 30. Kb1 Rxa2 31. Rb6+ Ka5 32. Rd6 Kb5 33.
Ba1 Rad2 34. Rxd5+ Rxd5 35. Rxd5+ Kc6 36. Rd6+ Kb5 37. Rh6 Rg3 38. Rxh4 Rxb3+
39. Kc2 Rf3 40. Rh5 Kc4 41. Rh4+ Kb5 42. Bd4 a5 43. Rh6 Kc4 44. Bb6 a4 45. Rh4+
Kb5 46. Bg1 Rg3 47. Ba7 Rg2+ 48. Kd3 Rg3+ 49. Be3 a3 50. Rh5 Ka4 51. Rh8 Kb3 52.
Ra8 Rxh3 53. Kd2 Kc4 54. Rc8+ Kd5 55. Rb8 a2 56. Ra8 b3 57. Ra5+ Ke4 58. Ra4+
Kxe5 59. Bd4+ Kd5 60. Bb2 f5 61. Rf4 Ke6 62. Rf1 Rg3 63. Re1+ Kf7 64. Re5 Kg6
65. Re6+ Kg5 66. Re1 Rf3 67. Rg1+ Kf4 68. Ke2 Rh3 69. Bc1+ Ke4 70. Bd2 Rh2+ 0-1

[Event "34th Leon Blitz Open 2021"]
[Site "chess.com INT"]
[Date "2021.07.07"]
[Round "2"]
[White "Gimenez Aguirre, Alejo Ismael"]
[Black "Matinian, Nikita"]
[Result "1-0"]
[WhiteTitle "IM"]
[BlackTitle "GM"]
[WhiteElo "2265"]
[BlackElo "2436"]
[WhiteFideId "32041667"]
[BlackFideId "24129100"]
[EventDate "2021.07.07"]

1. e4 d6 2. d4 g6 3. Nc3 a6 4. a4 Bg7 5. Be3 Nd7 6. f3 b6 7. Qd2 Bb7 8. Nge2
Ngf6 9. g4 h5 10. g5 Nh7 11. h4 c5 12. Bh3 cxd4 13. Nxd4 Ne5 14. Qe2 Nf8 15. O-O
Nfd7 16. Nd5 Rh7 17. c4 e6 18. Nc3 Rc8 19. b3 Nc5 20. Rad1 Qe7 21. Rd2 Kf8 22.
Rfd1 Kg8 23. Bg2 Bf8 24. Kh1 Bg7 25. a5 bxa5 26. Ra1 a4 27. Nxa4 f5 28. exf5
gxf5 29. Re1 Nxa4 30. bxa4 Nxc4 31. Rc2 Bd5 32. Bf2 Bxd4 33. Bxd4 Qb7 34. Rec1
Rhc7 35. Kh2 Kf7 36. Bh1 e5 37. Bf2 Kg6 38. Qd3 Nb2 39. Qd2 Rxc2 40. Rxc2 Rxc2
41. Qxc2 Nc4 42. a5 Qb2 43. Qxb2 Nxb2 44. Bg2 Bc4 45. Bb6 Nd3 46. Bf1 Nb2 47.
Bg2 Bd3 48. Kg3 Nc4 49. Bc7 d5 50. Kf2 f4 51. Bh3 Bf5 52. Bf1 Nb2 53. Bxa6 e4
54. Bxf4 exf3 55. Kxf3 Be4+ 56. Ke3 Bg2 57. Kd4 Nc4 58. Bc7 Na3 59. Bd3+ Kf7 60.
a6 Be4 61. Be2 Nc2+ 62. Ke5 Bg2 63. Bxh5+ Kg7 64. Bd1 Nb4 65. a7 Nc6+ 66. Kf4
Nxa7 67. Be5+ Kh7 68. Bc2+ Be4 69. Bxe4+ dxe4 70. Kxe4 Kg6 71. Kf4 Nc6 72. Bc3
Ne7 73. Kg4 Nd5 74. h5+ Kf7 75. Bd4 Ne7 76. Bc5 Ng8 77. g6+ Kg7 78. Kg5 Nf6 1-0

[Event "34th Leon Blitz Open 2021"]
[Site "chess.com INT"]
[Date "2021.07.07"]
[Round "2"]
[White "Dang, Hoang Son"]
[Black "Kulkarni, Rakesh"]
[Result "0-1"]
[WhiteTitle "FM"]
[BlackTitle "IM"]
[WhiteElo "2363"]
[BlackElo "2321"]
[WhiteFideId "12402435"]
[BlackFideId "5037077"]
[EventDate "2021.07.07"]

1. e4 d5 2. exd5 c6 3. Nf3 cxd5 4. d4 Nf6 5. Bd3 Nc6 6. O-O Bg4 7. c3 e6 8. h3
Bh5 9. Be2 Bd6 10. Be3 O-O 11. Nbd2 a6 12. Ne1 Bxe2 13. Qxe2 b5 14. Nd3 a5 15.
Bg5 h6 16. Bxf6 Qxf6 17. Nb3 b4 18. Nbc5 bxc3 19. bxc3 Rfc8 20. f4 Bxc5 21. dxc5
Qxc3 22. Rac1 Qd4+ 23. Kh1 Rab8 24. f5 e5 25. f6 g6 26. Rcd1 Qe4 27. Qxe4 dxe4
28. Nc1 Nd4 29. Rfe1 Rxc5 30. Rxe4 Rb1 31. Ree1 Rc6 32. Nd3 Rxd1 33. Rxd1 e4 34.
Nf4 Ne6 35. Nd5 Rc2 36. Re1 Nc5 37. a3 g5 38. Kh2 Kh7 39. Kg3 Kg6 40. Rf1 Ne6
41. Ne7+ Kh7 42. Re1 Nf4 43. Rxe4 Rxg2+ 44. Kf3 Rh2 45. Ra4 Rxh3+ 46. Kg4 Rh4+
47. Kf5 Rh2 48. Rxa5 Nh5 49. Nd5 Rf2+ 50. Ke5 Kg6 51. Ne7+ Kh7 52. Nd5 g4 53.
Ra4 g3 54. Rg4 Re2+ 55. Kd4 Ra2 56. Ke5 Rxa3 57. Nb6 Ra5+ 58. Kd4 Rb5 59. Nc4
Rf5 60. Ne3 Rxf6 61. Rh4 Nf4 62. Ke4 Ne2 63. Nd5 Rf2 64. Ne3 Kg6 65. Rg4+ Kh5
66. Rg7 f6 67. Rg8 Rf4+ 68. Kd3 Rf2 69. Nd5 Nf4+ 70. Nxf4+ Rxf4 71. Rxg3 Kh4 72.
Rg6 h5 73. Ke3 Rf5 74. Ke4 Rf1 75. Ke3 Kh3 76. Ke2 Rf5 77. Rg7 h4 78. Rg8 Kh2
79. Ke1 h3 80. Rg7 Rg5 81. Rh7 Kg2 0-1

[Event "34th Leon Blitz Open 2021"]
[Site "chess.com INT"]
[Date "2021.07.07"]
[Round "2"]
[White "Sliwicka, Alicja"]
[Black "Chen, Justin"]
[Result "0-1"]
[WhiteTitle "WIM"]
[BlackTitle "FM"]
[WhiteElo "2308"]
[BlackElo "2247"]
[WhiteFideId "1150677"]
[BlackFideId "2098199"]
[EventDate "2021.07.07"]

1. e4 c6 2. d4 d5 3. Nc3 dxe4 4. Nxe4 Bf5 5. Ng3 Bg6 6. Nh3 e6 7. Nf4 Bd6 8. h4
Bxf4 9. Bxf4 h6 10. h5 Bh7 11. c3 Nf6 12. Bd3 Bxd3 13. Qxd3 O-O 14. O-O Nbd7 15.
Rae1 Qa5 16. b4 Qb5 17. Qxb5 cxb5 18. Bd2 Nb6 19. f4 Rac8 20. f5 Rfe8 21. fxe6
fxe6 22. Ne4 Nxe4 23. Rxe4 Nd5 24. Rf3 Rc6 25. Rg4 e5 26. Re4 Rce6 27. Rf5 Nf6
28. Rexe5 Rxe5 29. Rxe5 Rxe5 30. dxe5 Nxh5 31. Kf2 g5 32. Kf3 Kf7 33. g4 Ng7 34.
Ke4 Ke6 35. Be3 b6 36. Bc1 Ne8 37. Be3 Nc7 38. Bc1 Nd5 39. Bd2 Ne7 40. Be3 Ng6
41. Bd4 Nh8 42. Be3 Nf7 43. Bd4 Nd8 44. Be3 Nc6 45. Bd4 Ne7 46. Be3 Kd7 47. Bd4
Kc6 48. Be3 Kc7 49. Bd4 Kd7 50. Be3 Ke6 51. Bd4 Nc6 52. a3 Ne7 53. Be3 Kd7 54.
Bg1 Kc6 55. Bf2 Kc7 56. Bg3 Kd7 57. Bf2 Ke6 58. Bg1 Nd5 59. Bd4 Nf4 60. Be3 Ng6
61. Bd4 Nh8 62. Be3 Nf7 63. Bd4 Nd8 64. Be3 Nc6 65. Bd4 Ne7 66. Be3 Nd5 67. Bd4
Nf4 68. Be3 Ng6 69. Bd4 a6 70. Bxb6 Nxe5 71. Bg1 Nxg4 72. a4 bxa4 73. c4 a3 74.
Bd4 h5 75. b5 axb5 76. cxb5 h4 77. b6 Kd6 78. Kf3 Nh6 79. Bf6 a2 80. Bg7 Kc6 81.
Bd4 h3 82. Kg3 g4 83. Kh2 Nf5 84. Be5 Nh4 85. Kg3 Nf3 86. Ba1 h2 87. Kg2 Kxb6
88. Kh1 Kb5 89. Kg2 Kc4 90. Kh1 Kd3 91. Kg2 Ke2 92. Kh1 Kf1 93. Be5 a1=Q 94. Bg3
Ke2+ 95. Kg2 Qf1# 0-1

[Event "34th Leon Blitz Open 2021"]
[Site "chess.com INT"]
[Date "2021.07.07"]
[Round "3"]
[White "Almeida Junior, Alvaro Alves de"]
[Black "Riehle, Marco"]
[Result "0-1"]
[BlackTitle "FM"]
[WhiteElo "2132"]
[BlackElo "2347"]
[WhiteFideId "2149974"]
[BlackFideId "12904392"]
[EventDate "2021.07.07"]

1. e4 e5 2. Nf3 Nf6 3. Nc3 Nc6 4. Bc4 Bc5 5. O-O d6 6. h3 h6 7. a3 g5 8. b4 Bb6
9. Nd5 g4 10. Nxf6+ Qxf6 11. hxg4 Bxg4 12. Be2 Rg8 13. c4 Bxf3 14. Bxf3 Nd4 0-1

[Event "34th Leon Blitz Open 2021"]
[Site "chess.com INT"]
[Date "2021.07.07"]
[Round "3"]
[White "Topalov, Aleksandar"]
[Black "Khabinets, Ivan"]
[Result "1-0"]
[WhiteTitle "CM"]
[WhiteElo "2260"]
[BlackElo "1980"]
[WhiteFideId "925659"]
[BlackFideId "14115980"]
[EventDate "2021.07.07"]

1. b3 e5 2. Bb2 Nc6 3. c4 Nf6 4. e3 g6 5. Nf3 d6 6. d4 exd4 7. Nxd4 Bg7 8. Nc3
O-O 9. Be2 Re8 10. Bf3 Nxd4 11. Qxd4 Bf5 12. O-O Ne4 13. Qxg7+ Kxg7 14. Nxe4+
Kh6 15. Bf6 Qc8 16. Ng5 Qd7 17. h3 c6 18. g4 Bxg4 19. hxg4 Re5 20. Kg2 Rxg5 21.
Rh1+ Rh5 22. g5# 1-0

[Event "34th Leon Blitz Open 2021"]
[Site "chess.com INT"]
[Date "2021.07.07"]
[Round "3"]
[White "Kulkarni, Rakesh"]
[Black "Iskusnyh, Sergei"]
[Result "0-1"]
[WhiteTitle "IM"]
[BlackTitle "GM"]
[WhiteElo "2321"]
[BlackElo "2473"]
[WhiteFideId "5037077"]
[BlackFideId "4120027"]
[EventDate "2021.07.07"]

1. e4 e6 2. d4 d5 3. Bd3 c5 4. exd5 exd5 5. Nf3 Nf6 6. O-O Nc6 7. h3 Be7 8. dxc5
Bxc5 9. Bg5 O-O 10. Nbd2 Bb6 11. Nb3 Qd6 12. Bh4 h6 13. Qd2 a5 14. c3 a4 15.
Nbd4 Ne4 16. Qc2 Nxd4 17. Nxd4 Qf4 18. Bxe4 Qxe4 19. Rfe1 Qxh4 20. Nf5 Qxf2+ 0-1

[Event "34th Leon Blitz Open 2021"]
[Site "chess.com INT"]
[Date "2021.07.07"]
[Round "3"]
[White "Guevara Sanchez, Erick Marvin"]
[Black "Roman, Rodrigo"]
[Result "1-0"]
[WhiteTitle "FM"]
[BlackTitle "CM"]
[WhiteElo "2173"]
[BlackElo "2071"]
[WhiteFideId "6700136"]
[BlackFideId "3701220"]
[EventDate "2021.07.07"]

1. e4 a6 2. d4 b5 3. f4 Bb7 4. Bd3 Nf6 5. Nd2 e6 6. Ngf3 c5 7. c3 cxd4 8. cxd4
Nc6 9. O-O Rc8 10. Kh1 Qb6 11. Nb3 Nb4 12. d5 Ng4 13. Nfd4 Rxc1 14. Rxc1 Ne3 15.
Qd2 Nxf1 16. Rxf1 Nxd3 17. Qxd3 Be7 18. f5 exd5 19. e5 d6 20. f6 gxf6 21. exf6
Bd8 22. Qh3 Qc7 23. Re1+ 1-0

[Event "34th Leon Blitz Open 2021"]
[Site "chess.com INT"]
[Date "2021.07.07"]
[Round "3"]
[White "Sjugirov, Sanan"]
[Black "Sarkar, Justin"]
[Result "1-0"]
[WhiteTitle "GM"]
[BlackTitle "IM"]
[WhiteElo "2661"]
[BlackElo "2338"]
[WhiteFideId "4189302"]
[BlackFideId "2010011"]
[EventDate "2021.07.07"]

1. e4 c6 2. d4 Nf6 3. e5 Nd5 4. c4 Nc7 5. Nf3 d6 6. Be2 g6 7. exd6 exd6 8. Bg5
Be7 9. Bh6 Bf8 10. Qd2 Bxh6 11. Qxh6 Nd7 12. O-O Nf6 13. Nc3 Ng4 14. Qd2 O-O 15.
h3 Nf6 16. Qh6 Re8 17. Rfe1 Bf5 18. Bf1 d5 19. Re5 Ne6 20. Rae1 Ne4 21. cxd5 1-0

[Event "34th Leon Blitz Open 2021"]
[Site "chess.com INT"]
[Date "2021.07.07"]
[Round "3"]
[White "Bluebaum, Matthias"]
[Black "Gorodetzky, David"]
[Result "1-0"]
[WhiteTitle "GM"]
[BlackTitle "IM"]
[WhiteElo "2669"]
[BlackElo "2496"]
[WhiteFideId "24651516"]
[BlackFideId "2813416"]
[EventDate "2021.07.07"]

1. d4 Nf6 2. c4 e6 3. Nc3 Bb4 4. e3 O-O 5. Bd2 d5 6. Nf3 b6 7. cxd5 exd5 8. Bd3
Bb7 9. O-O Nbd7 10. Rc1 a6 11. Ne5 Bd6 12. f4 Ne4 13. Nxe4 dxe4 14. Bc4 Nf6 15.
Bb3 Bd5 16. Be1 Bxb3 17. Qxb3 Bxe5 18. dxe5 Nd5 19. Rd1 c6 20. Qa4 b5 21. Qxe4
Qb6 22. Bf2 Rad8 23. Qf3 Nb4 24. e4 c5 25. Qc3 Nxa2 26. Qxc5 Qa5 27. Ra1 Qa4 28.
Qc6 Rd2 29. e6 1-0

[Event "34th Leon Blitz Open 2021"]
[Site "chess.com INT"]
[Date "2021.07.07"]
[Round "3"]
[White "Vazquez, Facundo"]
[Black "Gallegos Diaz, Carlos Alberto"]
[Result "1-0"]
[WhiteTitle "CM"]
[BlackTitle "IM"]
[WhiteElo "2199"]
[BlackElo "2374"]
[WhiteFideId "3007669"]
[BlackFideId "3900886"]
[EventDate "2021.07.07"]

1. d4 Nf6 2. c4 d6 3. Nf3 Nbd7 4. g3 e5 5. Bg2 Be7 6. Nc3 O-O 7. O-O c6 8. e4
exd4 9. Nxd4 Ne5 10. b3 Re8 11. Bb2 Bf8 12. Re1 Qc7 13. Rc1 a6 14. h3 Bd7 15. f4
Ng6 16. Kh2 Rad8 17. Qc2 Bc8 18. Rcd1 h5 19. Nf5 b5 20. cxb5 cxb5 21. Qb1 Bb7
22. Rc1 Qb8 23. Nd5 Nxd5 24. exd5 h4 25. Nxh4 Nxh4 26. gxh4 Qa7 27. Qc2 Rxe1 28.
Rxe1 Qa8 29. Qd3 Re8 30. Rxe8 Qxe8 31. Bc3 Bc8 32. Be4 f5 33. Bf3 Qg6 34. h5 Qh6
35. Qe3 Bd7 36. Bd4 1-0

[Event "34th Leon Blitz Open 2021"]
[Site "chess.com INT"]
[Date "2021.07.07"]
[Round "3"]
[White "Sviridova, Vlada"]
[Black "Castillo Pena, Patricia Evarista"]
[Result "1-0"]
[WhiteTitle "WFM"]
[BlackTitle "WCM"]
[WhiteElo "2144"]
[BlackElo "1794"]
[WhiteFideId "24109606"]
[BlackFideId "6412106"]
[EventDate "2021.07.07"]

1. d4 d5 2. c4 c6 3. Nf3 Nf6 4. Nc3 e6 5. e3 Nbd7 6. Qc2 Bd6 7. Bd3 O-O 8. O-O
b6 9. e4 dxe4 10. Nxe4 Nxe4 11. Bxe4 Nf6 12. Bxc6 Rb8 13. Bg5 h6 14. Bh4 Bb7 15.
Bxb7 Rxb7 16. Rad1 Be7 17. Ne5 Qc8 18. b3 Rd8 19. h3 Rc7 20. a4 a6 21. Qe2 Qb7
22. Bg3 Rcc8 23. Kh2 Bd6 24. Bh4 Be7 25. f4 Rd6 26. Rd3 Rcd8 27. Rfd1 Kf8 28.
Qe3 Ne4 29. Bxe7+ Kxe7 30. d5 exd5 31. cxd5 f5 32. Nc6+ Rxc6 33. dxc6 Qxc6 34.
Rxd8 1-0

[Event "34th Leon Blitz Open 2021"]
[Site "chess.com INT"]
[Date "2021.07.07"]
[Round "3"]
[White "Martinez Alcantara, Jose Eduardo"]
[Black "Tejedor Fuente, Enrique"]
[Result "1-0"]
[WhiteTitle "GM"]
[BlackTitle "IM"]
[WhiteElo "2620"]
[BlackElo "2434"]
[WhiteFideId "3805662"]
[BlackFideId "2299100"]
[EventDate "2021.07.07"]

1. e4 c5 2. Nf3 d6 3. c3 Nf6 4. h3 g6 5. Bd3 Bg7 6. Bc2 O-O 7. O-O e5 8. d4 Nc6
9. d5 Ne7 10. Nbd2 Rb8 11. a4 b6 12. b4 Ne8 13. Bd3 f5 14. a5 Kh8 15. axb6 axb6
16. Ra7 fxe4 17. Nxe4 Nxd5 18. Bg5 Ndf6 19. Bb5 Rb7 20. Ra8 Qc7 21. Bxf6 Nxf6
22. Nxd6 Rb8 23. Rxb8 Qxb8 24. Nxe5 Be6 25. Re1 Bg8 26. Bc4 Bxc4 27. Ndxc4 cxb4
28. cxb4 Re8 29. Nd6 Rf8 30. Ndf7+ Kg8 31. Qb3 Qa8 32. Nh6+ Kh8 33. Qg8+ Nxg8
34. Nef7+ 1-0

[Event "34th Leon Blitz Open 2021"]
[Site "chess.com INT"]
[Date "2021.07.07"]
[Round "3"]
[White "Baches Garcia, Guillermo"]
[Black "Harshavardhan, G B"]
[Result "1-0"]
[WhiteTitle "IM"]
[BlackTitle "IM"]
[WhiteElo "2329"]
[BlackElo "2397"]
[WhiteFideId "2209764"]
[BlackFideId "25059009"]
[EventDate "2021.07.07"]

1. e4 e5 2. Nf3 Nc6 3. Nc3 Nf6 4. d4 exd4 5. Nxd4 Bb4 6. Nxc6 bxc6 7. Bd3 O-O 8.
O-O d6 9. Bg5 h6 10. Bh4 Bxc3 11. bxc3 g5 12. Bg3 Ng4 13. h3 Ne5 14. f4 Nxd3 15.
cxd3 gxf4 16. Bxf4 Qh4 17. Rf3 Kh7 18. Qd2 Be6 19. Raf1 Rg8 20. Kh2 Rg7 21. Bg3
Qh5 22. e5 dxe5 23. Re1 Bd5 24. Rxe5 Qg6 25. Rfe3 Rag8 26. c4 Qf6 27. Qe1 Be6
28. Rf3 Qd8 29. Qe4+ Rg6 30. h4 Kh8 31. Qf4 Rg4 32. Qxh6# 1-0

[Event "34th Leon Blitz Open 2021"]
[Site "chess.com INT"]
[Date "2021.07.07"]
[Round "3"]
[White "Yen, William"]
[Black "Manukian, Artak"]
[Result "1-0"]
[WhiteElo "2056"]
[BlackElo "2196"]
[WhiteFideId "30932025"]
[BlackFideId "13301373"]
[EventDate "2021.07.07"]

1. e4 c6 2. d4 d5 3. exd5 cxd5 4. Bd3 Nc6 5. c3 e5 6. dxe5 Nxe5 7. Bb5+ Nc6 8.
h3 Nf6 9. Nf3 Bc5 10. O-O O-O 11. Bg5 h6 12. Bxf6 Qxf6 13. Qxd5 Bb6 14. Nbd2 Rd8
15. Qh5 Bf5 16. Bxc6 bxc6 17. Nc4 Bc7 18. Ne3 Be4 19. Qh4 Bxf3 20. Qxf6 gxf6 21.
gxf3 Rd2 22. Rab1 Kh7 23. Rfd1 Rad8 24. Kf1 Bf4 25. Ke1 Rxd1+ 26. Rxd1 Re8 27.
Rd7 Kg6 28. Ke2 a5 29. b3 a4 30. bxa4 Ra8 31. Rd4 Be5 32. Rc4 Ra6 33. f4 Bd6 34.
f5+ Kh7 35. Kf3 h5 36. Ke4 Kh6 37. Kd3 Kg5 38. h4+ Kh6 39. Nc2 c5 40. Ne3 Bf8
41. Nd5 Kg7 42. Ke4 Kg8 43. Nf4 Rd6 44. Nxh5 Rd2 45. Nxf6+ Kg7 46. Ng4 Rxa2 47.
f6+ Kg6 48. f4 Re2+ 49. Kd5 Kf5 50. Ne5 Kxf6 51. Nd7+ Kg7 52. Nxf8 Kxf8 53. Kxc5
Rh2 54. a5 Rxh4 55. a6 1-0

[Event "34th Leon Blitz Open 2021"]
[Site "chess.com INT"]
[Date "2021.07.07"]
[Round "3"]
[White "Agrest, Inna"]
[Black "Liyanage, Ranindu Dilshan"]
[Result "0-1"]
[WhiteTitle "WIM"]
[BlackTitle "CM"]
[WhiteElo "2276"]
[BlackElo "2203"]
[WhiteFideId "1708830"]
[BlackFideId "9915834"]
[EventDate "2021.07.07"]

1. e4 c5 2. Nf3 d6 3. d4 cxd4 4. Nxd4 Nf6 5. Nc3 a6 6. Bg5 e6 7. f4 h6 8. Bh4
Qb6 9. a3 Nbd7 10. Bf2 Qc7 11. Qf3 b5 12. O-O-O Bb7 13. Bd3 Nc5 14. Kb1 Be7 15.
Rhe1 Qb6 16. Qg3 b4 17. axb4 Qxb4 18. e5 dxe5 19. fxe5 Nd5 20. Na2 Qb6 21. Qxg7
Rf8 22. g3 Na4 23. Nb5 Qxf2 24. Nd6+ Kd7 25. Rf1 Qb6 26. Nc4 Qb5 27. Rxf7 Rxf7
28. Qxf7 Rc8 29. Bf5 Rxc4 30. Qxe6+ Kd8 31. Rxd5+ Qxd5 0-1

[Event "34th Leon Blitz Open 2021"]
[Site "chess.com INT"]
[Date "2021.07.07"]
[Round "3"]
[White "Fernandez Hernandez, Arturo A."]
[Black "Matveev, Vladimir3"]
[Result "1-0"]
[WhiteTitle "FM"]
[BlackTitle "FM"]
[WhiteElo "2340"]
[BlackElo "2344"]
[WhiteFideId "3509230"]
[BlackFideId "24130753"]
[EventDate "2021.07.07"]

1. e4 c5 2. Nc3 e6 3. Nge2 a6 4. g3 b5 5. Bg2 Bb7 6. O-O Nf6 7. d4 cxd4 8. Nxd4
Qc7 9. Re1 d6 10. a4 b4 11. Na2 d5 12. exd5 Nxd5 13. Nxe6 fxe6 14. Rxe6+ Ne7 15.
Bxb7 Qxb7 16. Qh5+ g6 17. Qe5 Rg8 18. Bg5 Nc6 19. Qd5 Qd7 20. Rxe7+ Nxe7 21.
Qxa8+ Kf7 22. Nxb4 Nf5 23. Nd3 Bd6 24. Qd5+ Kg7 25. Bf6+ Kf8 26. Re1 h5 27. Re8+
Qxe8 28. Nc5 Bxc5 29. Qxc5+ Kf7 30. Bg5 Qe1+ 31. Kg2 Qe4+ 32. Kg1 Re8 33. Qa7+
Kg8 34. Qxa6 Nd4 35. Qc4+ Re6 36. Qc8+ Kf7 37. Qd7+ Kf8 38. Bh6+ 1-0

[Event "34th Leon Blitz Open 2021"]
[Site "chess.com INT"]
[Date "2021.07.07"]
[Round "3"]
[White "Vitenberg, Noam Aviv"]
[Black "Gabrielian, Artur"]
[Result "0-1"]
[WhiteTitle "FM"]
[BlackTitle "GM"]
[WhiteElo "2315"]
[BlackElo "2460"]
[WhiteFideId "1532138"]
[BlackFideId "4131002"]
[EventDate "2021.07.07"]

1. d4 Nf6 2. c4 c5 3. d5 e6 4. Nc3 exd5 5. cxd5 d6 6. e4 g6 7. Nf3 Bg7 8. Be2
O-O 9. O-O Re8 10. Nd2 Nbd7 11. f3 a6 12. a4 Nh5 13. Nc4 Ne5 14. g4 Nxc4 15.
Bxc4 Nf6 16. Bf4 Nd7 17. a5 Ne5 18. Be2 Rb8 19. Qd2 b5 20. axb6 Qxb6 21. Rfb1
c4+ 22. Be3 Qc7 23. h3 Rb3 24. Bd1 Rb8 25. Be2 f5 26. Rf1 fxe4 27. fxe4 a5 28.
Bd4 Bd7 29. Kh1 Rf8 30. Rxf8+ Rxf8 31. Na4 Qd8 32. Nb6 Qh4 33. Kg2 Bxg4 34. hxg4
Nxg4 35. Bxg4 Qxg4+ 36. Kh2 Rf3 37. Qg2 Qh5+ 38. Kg1 Bxd4+ 0-1

[Event "34th Leon Blitz Open 2021"]
[Site "chess.com INT"]
[Date "2021.07.07"]
[Round "3"]
[White "Maltsevskaya, Aleksandra"]
[Black "Arpita, Mukherjee"]
[Result "1-0"]
[WhiteTitle "WGM"]
[BlackTitle "WIM"]
[WhiteElo "2382"]
[BlackElo "2206"]
[WhiteFideId "24174041"]
[BlackFideId "5056403"]
[EventDate "2021.07.07"]

1. Nf3 Nf6 2. c4 g6 3. b3 Bg7 4. Bb2 O-O 5. g3 d5 6. Bg2 c5 7. cxd5 Nxd5 8. Bxg7
Kxg7 9. O-O Nc6 10. Qc2 b6 11. Nc3 Nf6 12. Ne5 Nxe5 13. Bxa8 Bf5 14. Be4 Nxe4
15. Nxe4 Qd4 16. d3 Rd8 17. Qc3 Bxe4 18. Qxd4 Rxd4 19. dxe4 Rxe4 20. Rfe1 Nc6
21. e3 Kf6 22. Rad1 Ke6 23. Rd2 b5 24. Rc1 c4 25. Rc3 Ne5 26. Kg2 b4 27. Rc1 c3
28. Rdd1 Nc6 29. Rd3 Re5 30. f4 Rd5 31. Rxd5 Kxd5 32. Kf3 e5 33. e4+ Kc5 34. Ke3
f6 35. Kd3 a5 36. h4 Nd4 37. h5 gxh5 38. Rh1 c2 39. Kd2 a4 40. bxa4 Kc4 41. a5
b3 42. axb3+ Kxb3 43. a6 Nb5 44. Rc1 exf4 45. gxf4 h4 46. Rxc2 h3 47. Rc5 h2 48.
Rxb5+ Ka4 49. Rh5 1-0

[Event "34th Leon Blitz Open 2021"]
[Site "chess.com INT"]
[Date "2021.07.07"]
[Round "3"]
[White "Lorente Serrano, Rosa Adela"]
[Black "Rosenberg, Evan S"]
[Result "1-0"]
[WhiteTitle "WFM"]
[WhiteElo "2022"]
[BlackElo "2125"]
[WhiteFideId "32091982"]
[BlackFideId "2019299"]
[EventDate "2021.07.07"]

1. Nf3 Nf6 2. g3 b5 3. Bg2 Bb7 4. O-O c5 5. d4 cxd4 6. Nxd4 Bxg2 7. Kxg2 Qc8 8.
Re1 Qb7+ 9. f3 e5 10. Nf5 d5 11. Bg5 Nbd7 12. Nc3 a6 13. e4 d4 14. Nd5 Nxd5 15.
exd5 f6 16. Bf4 O-O-O 17. Bd2 Qxd5 18. Ba5 Re8 19. c3 g6 20. Ne3 Qd6 21. cxd4
exd4 22. Rc1+ Kb7 23. Nc4 bxc4 24. Rxe8 Ne5 25. Qa4 Qc6 26. Qxc6+ Nxc6 27. Bd2
Ne5 28. f4 c3 29. bxc3 Nd3 30. Rb1+ Kc7 31. cxd4 Bg7 32. Rxh8 Bxh8 33. Rb3 Nxf4+
34. Bxf4+ Kc6 35. Kf3 f5 36. Be5 Bxe5 37. dxe5 Kd5 38. Kf4 h6 39. h4 g5+ 40.
hxg5 hxg5+ 41. Kxf5 g4 42. Kxg4 Kxe5 43. Ra3 1-0

[Event "34th Leon Blitz Open 2021"]
[Site "chess.com INT"]
[Date "2021.07.07"]
[Round "3"]
[White "Maly, Alexey"]
[Black "Necula, Iulian"]
[Result "1-0"]
[WhiteTitle "IM"]
[WhiteElo "2370"]
[BlackElo "1890"]
[WhiteFideId "14103184"]
[BlackFideId "1232380"]
[EventDate "2021.07.07"]

1. e4 g6 2. d4 c6 3. Nc3 d5 4. h3 dxe4 5. Nxe4 Nf6 6. Nxf6+ exf6 7. Bd3 Bg7 8.
Ne2 O-O 9. O-O Re8 10. c3 Nd7 11. Qc2 Nf8 12. Ng3 f5 13. Bf4 h6 14. Rfe1 Be6 15.
Be5 f6 16. Bf4 Qd7 17. Bd2 Rad8 18. Re2 Re7 19. Rae1 Rde8 20. a3 Bf7 21. Rxe7
Rxe7 22. Rxe7 Qxe7 23. c4 Ne6 24. Bc3 Nf4 25. Ne2 Nxd3 26. Qxd3 Qd7 27. d5 cxd5
28. Nf4 d4 29. Qxd4 Qxd4 30. Bxd4 b6 31. Nd5 Bxd5 32. cxd5 Kf8 33. Bc3 Ke7 34.
Bb4+ Kd7 35. a4 a6 36. Kf1 b5 37. axb5 axb5 38. Ke2 h5 39. Kd3 Bh6 40. Bc5 Bc1
41. Kc3 g5 42. b3 h4 43. Kb4 g4 44. Kxb5 gxh3 45. gxh3 Bf4 46. Ka6 Kc8 47. b4
Kb8 48. b5 Be5 49. Kb6 f4 50. f3 f5 51. Kc6 Kc8 52. b6 Kb8 53. d6 Kc8 54. b7+
Kb8 55. d7 Bc7 56. Bd6 Bxd6 57. d8=Q+ Ka7 58. Qa8# 1-0